000 01024nam a2200265 i 4500
003 EG-ScBUE
005 20230103113357.0
008 150428n201u ko a f 000 0 mul d
020 _a9788957704851
020 _a9788957704899
040 _aEG-ScBUE
_beng
_erda
_cEG-ScBUE
_dEG-ScBUE
041 0 _aeng
_akor
082 0 4 _a729
_bACA
_222
245 0 0 _aACA :
_barchitecture competition annual.
264 1 _aSeoul, Korea :
_bArchiworld Co., Ltd. :
_bJeong Kwang-young,
_c[201-?]
300 _a2 volumes :
_bcolor illustrations ;
_c30 cm
505 0 _aVolume 1. Culture & exhibition facility -- Educational & research facility -- Residential facility & accommodations -- Volume 2. Public facility -- Office & commercial facility -- Medical welfare & physical facility.
546 _aText in English and Korean.
650 7 _aArchitectural design.
_2BUEsh
_93345
650 7 _aArchitectural drawing.
_2BUEsh
_937763
651 _2BUEsh
653 _bENGARC
_cApril2015
655 _vReading book
942 _2ddc
_k729 ACA
_cBB
999 _c19240
_d19212